Sylviane Agacinski et Marcela Iacub. Après le règne du mâle (notice n° 1803935)

détails MARC
000 -LEADER
fixed length control field 00830cam a2200289 4500500
005 - DATE AND TIME OF LATEST TRANSACTION
control field 20260329001305.0
041 ## - LANGUAGE CODE
Language code of text/sound track or separate title fre
042 ## - AUTHENTICATION CODE
Authentication code dc
100 10 - MAIN ENTRY--PERSONAL NAME
Personal name Agacinski, Sylviane
Relator term author
245 00 - TITLE STATEMENT
Title Sylviane Agacinski et Marcela Iacub. Après le règne du mâle
260 ## - PUBLICATION, DISTRIBUTION, ETC.
Date of publication, distribution, etc. 2006.<br/>
500 ## - GENERAL NOTE
General note 82
690 ## - LOCAL SUBJECT ADDED ENTRY--TOPICAL TERM (OCLC, RLIN)
Topical term or geographic name as entry element Agacinski
690 ## - LOCAL SUBJECT ADDED ENTRY--TOPICAL TERM (OCLC, RLIN)
Topical term or geographic name as entry element Corps
690 ## - LOCAL SUBJECT ADDED ENTRY--TOPICAL TERM (OCLC, RLIN)
Topical term or geographic name as entry element Discrimination
690 ## - LOCAL SUBJECT ADDED ENTRY--TOPICAL TERM (OCLC, RLIN)
Topical term or geographic name as entry element Domination
690 ## - LOCAL SUBJECT ADDED ENTRY--TOPICAL TERM (OCLC, RLIN)
Topical term or geographic name as entry element Égalité
690 ## - LOCAL SUBJECT ADDED ENTRY--TOPICAL TERM (OCLC, RLIN)
Topical term or geographic name as entry element Femme
690 ## - LOCAL SUBJECT ADDED ENTRY--TOPICAL TERM (OCLC, RLIN)
Topical term or geographic name as entry element Homme
690 ## - LOCAL SUBJECT ADDED ENTRY--TOPICAL TERM (OCLC, RLIN)
Topical term or geographic name as entry element Iacub
690 ## - LOCAL SUBJECT ADDED ENTRY--TOPICAL TERM (OCLC, RLIN)
Topical term or geographic name as entry element Mère porteuse
690 ## - LOCAL SUBJECT ADDED ENTRY--TOPICAL TERM (OCLC, RLIN)
Topical term or geographic name as entry element Propriété
700 10 - ADDED ENTRY--PERSONAL NAME
Personal name Iacub, Marcela
Relator term author
700 10 - ADDED ENTRY--PERSONAL NAME
Personal name Truong, Nicolas
Relator term author
786 0# - DATA SOURCE ENTRY
Note Philosophie magazine | 1 | 4-5 | 2006-05-01 | p. 5-6 | 1951-1787
856 41 - ELECTRONIC LOCATION AND ACCESS
Uniform Resource Identifier <a href="https://shs.cairn.info/magazine-philosophie-magazine-2006-4-5-page-5?lang=fr&redirect-ssocas=7080">https://shs.cairn.info/magazine-philosophie-magazine-2006-4-5-page-5?lang=fr&redirect-ssocas=7080</a>

Pas d'exemplaire disponible.

PLUDOC

PLUDOC est la plateforme unique et centralisée de gestion des bibliothèques physiques et numériques de Guinée administré par le CEDUST. Elle est la plus grande base de données de ressources documentaires pour les Étudiants, Enseignants chercheurs et Chercheurs de Guinée.

Adresse

627 919 101/664 919 101

25 boulevard du commerce
Kaloum, Conakry, Guinée

Réseaux sociaux

Powered by Netsen Group @ 2025